Sports Quiz

Random Sports or NCAA Quiz

NCAA Sports Champions (2000's) Quiz Stats

 Plays Quiz not verified by Sporcle

Score 0/40 Timer 09:00
0 Plays Today
Team % Correct
Florida
97.9%
Florida
97.9%
Florida
97.9%
Florida
97.9%
Connecticut
96.6%
Connecticut
96.6%
Connecticut
96.6%
Connecticut
96.6%
Connecticut
96.6%
Connecticut
96.6%
USC
96%
Duke
95.1%
Texas
94.7%
Alabama
94.7%
Texas
94.7%
Texas
94.7%
LSU
93.9%
LSU
93.9%
LSU
93.9%
LSU
93.9%
Team % Correct
North Carolina
93.8%
North Carolina
93.8%
Ohio State
90.1%
Miami
89%
Miami
89%
Oklahoma
86.8%
Tennessee
86.8%
Tennessee
86.8%
Kansas
84.3%
Michigan State
78.3%
Syracuse
75.4%
Maryland
71.8%
Maryland
71.8%
Baylor
56.7%
Oregon State
56.5%
Oregon State
56.5%
Rice
47.2%
Fresno State
45.7%
Notre Dame
41.1%
Cal State Fullerton
40.9%

You're not logged in!

Compare scores with friends on all Sporcle quizzes.
OR
Log In

Show Comments

Extras

Created Aug 21, 2010ReportNominate
Tags:NCAA Quiz

Top Quizzes Today


Score Distribution

Your Account Isn't Verified!

In order to create a playlist on Sporcle, you need to verify the email address you used during registration. Go to your Sporcle Settings to finish the process.

Report this User

Report this user for behavior that violates our Community Guidelines.

Details: